Les films dans lesquels Eddie Murphy a joué - Statistiques

Statistiques générales
  • Ce quiz a été pris 6 fois
  • Le résultat moyen est 14 sur 39
Statistiques - réponses
Année de sortie Film % Correct
1984 Le Flic de Beverly Hills
83%
1987 Le Flic de Beverly Hills 2
83%
1983 Un fauteuil pour deux
83%
1988 Un prince à New York
83%
2000 La Famille Foldingue
67%
1994 Le Flic de Beverly Hills 3
67%
1996 Le Professeur Foldingue
67%
2021 Un prince à New York 2
67%
2011 Le Casse de Central Park
50%
2007 Norbit
50%
2002 Pluto Nash
50%
2002 Showtime
50%
1982 48 Heures
33%
1990 48 Heures de plus
33%
1992 Boomerang
33%
1998 Docteur Dollitle
33%
2006 Dreamgirls
33%
2003 Ecole paternelle
33%
2003 Le Manoir hanté et les 999 fantômes
33%
1989 Les Nuits de Harlem
33%
1999 Perpète
33%
2008 Appelez-moi Dave
17%
1999 Bowfinger, roi d'Hollywood
17%
2009 Dans ses rêves
17%
2001 Docteur Dollitle 2
17%
2019 Dolemite Is My Name
17%
2003 Espion et demi
17%
1986 Golden Child: L'Enfant sacré du Tibet
17%
2012 Mille mots
17%
1998 Mister G.
17%
1992 Monsieur le Député
17%
2016 Mr.Church
17%
2023 Noel à Candy Cane Lane
17%
2025 The Pickup
17%
1984 Une défense canon
17%
2023 You People
17%
2024 Le Flic de Beverley Hills: Axel F.
0%
1997 Le Flic de San Fransisco
0%
1995 Un vampire à Brooklyn
0%
Aucun quiz correspondant
Distribution des résultats
% des personnes avec chaque résultat
Percentile par nombre de réponses
Votre historique - résultats
Vous n’avez pas pris ce quiz